000 01000nam a2200193Ia 4500
999 _c38942
_d38942
001 5378
003 GE_BSU
005 20190628154109.0
008 181216s1960|||| |||||||||||||| ||geo||
080 _a681.8+62+681+620 ფ-24
100 _aფაჩულია, ს.
_93059
245 _aურთიერთშემცვლელობისა და ტექნიკურ გაზომვათა საფუძვლები : სახელმძღვ. /
_cს. ფაჩულია ; რედ : გ. დ. გოცირიძე.
264 _aთბილისი :
_bცოდნა,
_c1960.
300 _a291 გვ .:
_bილ ;
_c22 სმ.
504 _aბიბლიოგრ.:გვ.288
653 _aურთიერთშემცვლელობისა და ტექნიკურ გაზომვათა საფუძვლები
700 _aგოცირიძე, გ.დ
_eრედაქტორი
_93060
942 _cBK
_2udc